000 01886nam0a2200289 4500
001 RU\NLR\BIBL_A\011100395
005 20260409000051.0
035 _a(NLR Aleph) 011100395
090 _a11416947
_c11416947
100 _a20160412d1999 |||y0rusy50 ca
101 0 _arus
102 _aRU
105 _aa z 010zy
200 1 _aРуслан и Людмила
_eразвитие и становление государственности народа русского и народов СССР в глобальном историческом процессе, изложенное в системе образов первого поэта России А. С. Пушкина
_e[200-летию со дня рождения А. С. Пушкина посвящается]
_fВнутр. предиктор СССР
210 _aСанкт-Петербург
_c[б. и.]
_d1999
215 _a305, [2] с.
_cил.
_d20
320 _aБиблиогр. в конце кн. и в подстроч. примеч.
500 _aРуслан и Людмила
_3RU\NLR\AUTH\5510704
_92632704
604 _1700#1$aПушкин$bА.С.$gАлександр Сергеевич$f1799 - 1837
_1500##$a"Руслан и Людмила"$2nlr_sh2$3RU\NLR\AUTH\66935467
_aПушкин, Александр Сергеевич (1799 - 1837)
_t"Руслан и Людмила"
_92030805
_3RU\NLR\AUTH\66935467
686 2 _aШ5(2=Р)51-4Пушкин535
702 1 _4570
_8rus
_7ca
_aПушкин
_bА. С.
_cпоэт
_f1799-1837
_gАлександр Сергеевич
_3RU\NLR\AUTH\77386
_9110441
712 0 2 _4570
_a"Внутренний предиктор СССР", общественная инициативная группа
_3RU\NLR\AUTH\8810142889
_9780397
942 _cBOOK
980 _aNB